[Event "Calgary op 11th"]
[Site "Calgary"]
[Date "2018.08.14"]
[Round "1"]
[White "Abdelrhman, Hamid"]
[Black "Khachiyan, Melikset"]
[Result "1/2-1/2"]
[WhiteElo "2014"]
[BlackElo "2525"]
[PlyCount "74"]
[EventDate "2018.08.14"]
[EventType "swiss"]
[EventRounds "9"]
[EventCountry "CAN"]
[SourceTitle "CBM 186 Extra"]
[Source "ChessBase"]
[SourceDate "2018.08.24"]
[SourceVersion "1"]
[SourceVersionDate "2018.08.24"]
[SourceQuality "1"]

1. g3 d5 2. Bg2 Nf6 3. Nf3 g6 4. 0-0 Bg7 5. d3 0-0 6. c3 Nc6 7. d4 Ne4 8. Bf4 f6 9. Qb3 Na5 10. Qd1 Nc4 11. Nfd2 Nexd2 12. Nxd2 g5 13. Bxc7 Qd7 14. Nxc4 Qxc7 15. Nd2 Be6 16. e4 dxe4 17. Bxe4 f5 18. Bg2 Bf7 19. Nf3 Bf6 20. Re1 Rad8 21. Ne5 Bxe5 22. Rxe5 Qxe5 23. dxe5 Rxd1+ 24. Rxd1 Bxa2 25. Rd7 Kf7 26. f4 gxf4 27. gxf4 Rg8 28. Kf2 Be6 29. Rd4 b6 30. Bf3 Rc8 31. Ke3 a5 32. Bh5+ Kg7 33. Bf3 b5 34. Be2 Rb8 35. Bf3 Kf7 36. Bh5+ Kf8 37. Bf3 Kf7 1/2-1/2

[Event "Calgary Reserves"]
[Site "Calgary"]
[Date "2013.05.18"]
[Round "2"]
[White "Bentley, Bill"]
[Black "Abdelrhman, Hamid"]
[Result "0-1"]
[WhiteElo "1808"]
[BlackElo "2005"]
[PlyCount "92"]
[EventDate "2013.05.18"]
[EventType "swiss"]
[EventRounds "6"]
[EventCountry "CAN"]
[SourceTitle "EXT 2022"]
[Source "ChessBase"]
[SourceDate "2021.10.06"]
[SourceVersion "1"]
[SourceVersionDate "2021.10.06"]
[SourceQuality "1"]

1. d4 g6 2. c4 Bg7 3. e4 d6 4. Nc3 Nf6 5. h3 0-0 6. Bg5 Na6 7. a3 c5 8. d5 Bd7 9. Bd3 Nc7 10. Nf3 Qb8 11. a4 Na6 12. 0-0 Nb4 13. Bb1 e6 14. Qd2 e5 15. Ne1 Nh5 16. Nd3 a5 17. Nb5 Bxb5 18. axb5 f5 19. Nxb4 cxb4 20. exf5 gxf5 21. Bh6 Qd8 22. Bxg7 Kxg7 23. g3 Qf6 24. Bd3 f4 25. Qe2 f3 26. Qe4 Qh6 27. Kh2 Kh8 28. Qe3 Qg7 29. Be4 Qf6 30. Qb6 Nf4 31. Qxb7 Qh6 32. Qxh7+ Qxh7 33. Bxh7 Kxh7 34. gxf4 Rxf4 35. b3 Rd4 36. b6 Rb8 37. Rxa5 Rxb6 38. Ra7+ Kh8 39. Kg3 Rd3 40. Rb1 Rb8 41. Rb2 Rg8+ 42. Kh4 Rd4+ 43. Kh5 Rg7 44. Ra8+ Kh7 45. Rb8 Rf4 46. Ra2 Rf6 0-1

[Event "Calgary"]
[Site "Calgary"]
[Date "2013.01.22"]
[Round "2"]
[White "Abdelrhman, Hamid"]
[Black "Miller, Brian"]
[Result "1-0"]
[WhiteElo "1961"]
[BlackElo "1839"]
[PlyCount "27"]
[EventDate "2013.01.15"]
[EventType "swiss"]
[EventRounds "7"]
[EventCountry "CAN"]
[SourceTitle "EXT 2022"]
[Source "ChessBase"]
[SourceDate "2021.10.06"]
[SourceVersion "1"]
[SourceVersionDate "2021.10.06"]
[SourceQuality "1"]

1. d4 d5 2. c4 e6 3. Nc3 Be7 4. Nf3 Nf6 5. Bg5 0-0 6. e3 b6 7. cxd5 Nxd5 8. Nxd5 Bxg5 9. Nxc7 Bxe3 10. Nxa8 Bxf2+ 11. Kxf2 Bb7 12. Nxb6 Qxb6 13. Qb3 Qc6 14. Bb5 1-0

[Event "Calgary Alberta op"]
[Site "Calgary"]
[Date "2012.10.07"]
[Round "3"]
[White "Abdelrhman, Hamid"]
[Black "Yam, Alex"]
[Result "0-1"]
[WhiteElo "2188"]
[BlackElo "2373"]
[PlyCount "62"]
[EventDate "2012.10.06"]
[EventType "swiss"]
[EventRounds "5"]
[EventCountry "CAN"]
[SourceTitle "EXT 2022"]
[Source "ChessBase"]
[SourceDate "2021.10.06"]
[SourceVersion "1"]
[SourceVersionDate "2021.10.06"]
[SourceQuality "1"]

1. d4 Nf6 2. c4 c5 3. d5 e6 4. Nc3 exd5 5. cxd5 d6 6. e4 g6 7. h3 a6 8. Nf3 Bg7 9. Bd3 0-0 10. 0-0 Nbd7 11. a4 Nh5 12. Bg5 Bf6 13. Bh6 Bg7 14. Bxg7 Kxg7 15. Qd2 Qf6 16. Rfe1 Nf4 17. Bf1 Nxh3+ 18. gxh3 Qxf3 19. Bg2 Ne5 20. Bxf3 Nxf3+ 21. Kg2 Nxd2 22. a5 Bd7 23. f4 Rfe8 24. e5 dxe5 25. fxe5 Nc4 26. Ne4 Rxe5 27. Nxc5 Rxd5 28. b4 Bc6 29. Kg3 Rg5+ 30. Kh4 Rg2 31. Rf1 Rd8 0-1